Scientiae Educatia: jurnal pendidikan sains (Запис № 421663)

МАРК-запис
000 -Лідер
fixed length control field 00953nam a22002417a 4500
003 - Ідентифікатор контрольного номера
control field UA-OsUOA
001 - Контрольний номер
control field 133053
007 - Фіксоване поле фізичного опису
fixed length control field ta
008 - Елементи даних фіксованої довжини – загальна інформація
fixed length control field 20180926b un ||||| |||| 00| 0 ukr d
090 ## - Локальний шифр розміщення
Авторський знак (НП) S-56
040 ## - Джерело каталогізації
Агенція оригінальної каталогізації UA-OsUOA
Мова каталогізації eng
Агенція, яка здійснювала перезапис UA-OsUOA
Агенція, яка здійснювала модифікацію UA-OsUOA
041 ## - Код мови
Код мови тексту/ звукової доріжки чи окремого заголовка (П) eng
022 ## - Міжнародний стандартний серіальний номер (ISSN)
Міжнародний стандартний серіальний номер (ISSN) 2303-1530
245 ## - Відомості про назву
Назва (НП) Scientiae Educatia: jurnal pendidikan sains
Дані про відповідальність (НП) Editor in Chief Azmi Azhari, M.Si, IAIN Syekh Nurjati Cirebon, Indonesia
260 ## - Публікація, розповсюдження і т.п. (Вихідні дані)
Дата публікації, розповсюдження і т.п. (П) 2017
246 31 - Інша форма назви
Назва (НП) 1
Номер частини/ розділ роботи (П)
520 3# - Резюме і т.п.
Резюме, реферат, анотація, тощо (НП) Scientiae Educatia [p-ISSN 2303-1530| e-ISSN 2527-7596] publishes a scientific paper on the result of the study and review of the literature in sphere of natural sciences education and natural sciences. This journal collaborates with Perkumpulan Pendi
520 3# - Резюме і т.п.
Резюме, реферат, анотація, тощо (НП) dik IPA Indonesia (PPII) / Indonesian Society for Science Educators
650 #7 - Додаткове предметне введення – тематичний термін
Джерело заголовка чи терміна UDC
856 40 - Електронне місцезнаходження та доступ
Уніфікований ідентифікатор ресурсу (П) http://www.syekhnurjati.ac.id/jurnal/index.php/sceducatia/issue/view/176
942 ## - Додаткові елементи входу (Коха)
Тип елемента Koha Номер журналу
955 ## - Код типу видання за змістом
Код типу видання за змістом (НП) Наукові видання

Немає доступних примірників.